[Event "St Petersburg Korchnoi Memorial op"]
[Site "St Petersburg"]
[Date "2023.08.19"]
[Round "3"]
[White "Zavgorodniy, Valentin"]
[Black "Selezneva, Anna"]
[Result "1-0"]
[WhiteElo "1561"]
[BlackElo "1268"]
[PlyCount "61"]
[EventDate "2023.08.18"]
[EventType "swiss"]
[EventRounds "9"]
[EventCountry "RUS"]
[SourceTitle "EXT 2024"]
[Source "ChessBase"]
[SourceDate "2023.10.10"]
[SourceVersion "1"]
[SourceVersionDate "2023.10.10"]
[SourceQuality "1"]

1. e4 e6 2. d4 d5 3. exd5 exd5 4. Nf3 Nf6 5. Be2 c5 6. c3 Nc6 7. Bg5 Qb6 8. Qc2 cxd4 9. Bxf6 gxf6 10. Nxd4 Bc5 11. 0-0 Nxd4 12. cxd4 Bxd4 13. Nc3 Bxc3 14. Qxc3 Bf5 15. Rfe1 0-0 16. Bd3 d4 17. Qd2 Bxd3 18. Qxd3 Qxb2 19. Rab1 Qc3 20. Qf5 d3 21. Re3 Rfc8 22. Rg3+ Kf8 23. Rxd3 Qc1+ 24. Rd1 Qc2 25. Rd8+ Ke7 26. Qxc2 Rxc2 27. Rxa8 Rxa2 28. Rxb7+ Ke6 29. Raxa7 Rc2 30. Re7+ Kf5 31. g3 1-0

[Event "St Petersburg Korchnoi Memorial op"]
[Site "St Petersburg"]
[Date "2019.08.22"]
[Round "9"]
[White "Kuchina, Alexandra"]
[Black "Zavgorodniy, Valentin"]
[Result "0-1"]
[WhiteElo "1145"]
[BlackElo "1417"]
[PlyCount "106"]
[EventDate "2019.08.14"]
[EventType "swiss"]
[EventRounds "9"]
[EventCountry "RUS"]
[SourceTitle "CBM 192"]
[Source "ChessBase"]
[SourceDate "2019.10.31"]
[SourceVersion "1"]
[SourceVersionDate "2019.10.31"]
[SourceQuality "1"]

1. d4 Nf6 2. Nf3 e6 3. e3 Be7 4. Bd3 c5 5. 0-0 0-0 6. Nbd2 Nc6 7. c3 d5 8. e4 dxe4 9. Nxe4 cxd4 10. cxd4 Nxd4 11. Nxd4 Qxd4 12. Nxf6+ Bxf6 13. Rb1 Rd8 14. Be2 Qe4 15. Bd2 h6 16. Bf3 Qc4 17. b3 Qd3 18. Be3 e5 19. Qxd3 Rxd3 20. Be4 Rd8 21. Rfd1 Be7 22. Rxd8+ Bxd8 23. Rd1 Bc7 24. Rc1 Bb6 25. Bxb6 axb6 26. Rd1 Be6 27. Bb1 Kf8 28. f3 Ke7 29. Kf2 Rd8 30. Rxd8 Kxd8 31. Be4 Kc7 32. g4 b5 33. Ke3 b6 34. Kd3 Kd6 35. Kc3 Kc5 36. b4+ Kd6 37. a3 g6 38. Bc2 Bd5 39. Bd1 f5 40. gxf5 gxf5 41. Kd3 Bc4+ 42. Ke3 Kd5 43. Bc2 f4+ 44. Kd2 Kd4 45. Be4 Bd5 46. Bxd5 Kxd5 47. Kd3 h5 48. h4 e4+ 49. fxe4+ Ke5 50. Kd2 Kxe4 51. Ke2 f3+ 52. Kf2 Kf4 53. Kf1 Kg3 0-1

[Event "St Petersburg Korchnoi Memorial op"]
[Site "St Petersburg"]
[Date "2019.08.15"]
[Round "2"]
[White "Shaidullin, Ratmir"]
[Black "Zavgorodniy, Valentin"]
[Result "1-0"]
[WhiteElo "1867"]
[BlackElo "1417"]
[PlyCount "55"]
[EventDate "2019.08.14"]
[EventType "swiss"]
[EventRounds "9"]
[EventCountry "RUS"]
[SourceTitle "CBM 192"]
[Source "ChessBase"]
[SourceDate "2019.10.31"]
[SourceVersion "1"]
[SourceVersionDate "2019.10.31"]
[SourceQuality "1"]

1. d4 Nf6 2. Nf3 g6 3. Nc3 Bg7 4. e4 d6 5. Be3 0-0 6. Qd2 e5 7. 0-0-0 exd4 8. Bxd4 Nc6 9. Be3 Ng4 10. Bg5 f6 11. Bf4 Be6 12. h3 Nge5 13. Nd5 Ne7 14. Kb1 Bxd5 15. exd5 Nxf3 16. gxf3 Nf5 17. h4 Re8 18. h5 g5 19. Bg3 Nxg3 20. fxg3 h6 21. Bh3 Kh8 22. Be6 c5 23. Qd3 Re7 24. f4 Qc7 25. Rdf1 Rae8 26. Qg6 Qa5 27. c3 Qb6 28. Bf5 1-0